Score 0/24 Timer 04:00
1 Play Today
% Correct
Blue Whale
92.8%
Blue Moon
92.3%
Bluetooth
91.1%
Blueberry
91%
Blue Jeans
89.5%
Blue Cheese
88.6%
Blue Collar
88.4%
Blue Ribbon
84.3%
Blue Mosque
82.1%
Blue Ridge Mountains
81.3%
Blue Blood
81.1%
Bluebell
78.5%
% Correct
Blue Nile
78.2%
Blue Berets
76.8%
Bluegrass
76.2%
Blue Suede Shoes
75.4%
Blue Wizards
73.7%
Blue Danube
70.9%
Bluebirds
69.7%
Blue Beard
69.3%
Blue Horde
67.3%
Blue Boy
61.9%
Blue Lagoon
61.3%
Blue Stocking
55.4%
Remove Ads.
Support Sporcle.
Get the best of Sporcle when you Go Orange. This ad-free experience offers more features, more stats, and more fun while also helping to support Sporcle. Thank you for becoming a member.

You're not logged in!

Compare scores with friends on all Sporcle quizzes.
OR
Log In

Show Comments

Extras

Top Quizzes Today


Score Distribution

Your Account Isn't Verified!

In order to create a playlist on Sporcle, you need to verify the email address you used during registration. Go to your Sporcle Settings to finish the process.

Report this User

Report this user for behavior that violates our Community Guidelines.

Details: